Aktuálne problémy podnikovej sféry 2016 [recenzovaný] zborník vedeckých prác : medzinárodná vedecká konferencia, Bratislava, 5.-6.5.2016

Salvato in:
Dettagli Bibliografici
Enti autori: Aktuálne problémy podnikovej sféry 2016. Medzinárodná vedecká konferencia, Fakulta podnikového manažmentu EU. Katedra podnikovohospodárska
Altri autori: Gajdová, Denisa, 1977-, Fetisovová, Elena, Tršťanská, Alena
Natura: Libro
Lingua:slovacco
inglese
Pubblicazione: Bratislava Vydavateľstvo EKONÓM 2016
Edizione:1. vyd.
Soggetti:
Tags: Aggiungi Tag
Nessun Tag, puoi essere il primo ad aggiungerne!!

MARC

LEADER 00000nlm a2200000 4500
001 0220506
005 20240513113054.0
020 |a 978-80-225-4245-6 
041 0 |a slo 
041 0 |a eng 
044 |a SK 
245 1 0 |a Aktuálne problémy podnikovej sféry 2016  |b [recenzovaný] zborník vedeckých prác : medzinárodná vedecká konferencia, Bratislava, 5.-6.5.2016  |c Štefan Majtán a kolektív, redakčné a zostaviteľské práce: Denisa Gajdová 
250 |a 1. vyd. 
264 1 |a Bratislava  |b Vydavateľstvo EKONÓM  |c 2016 
300 |a CD-ROM [1120 s., 55 AH] 
610 2 0 |a podnikanie 
610 2 0 |a riadenie podnikové 
610 2 0 |a prostredie podnikateľské 
610 2 0 |a podnikanie zodpovedné 
610 2 0 |a financie podnikové 
700 1 |a Gajdová, Denisa, 1977- 
700 1 |a Fetisovová, Elena 
700 1 |a Tršťanská, Alena 
110 2 |a Aktuálne problémy podnikovej sféry 2016. Medzinárodná vedecká konferencia 
710 2 |a Fakulta podnikového manažmentu EU. Katedra podnikovohospodárska